000 00593nam a2200193 a 4500
001 000032517
005 20240412074256.0
008 110718t200u dr 001 0 spa d
040 _aDO-SdBNP
_bspa
_cBNPHU
082 _aRD861.5
_bN964e
100 1 _aNúñez, Oscar,
_d1980-
_958452
245 1 0 _aElla de amor, pasión y desamor /
_cOscar Núñez.
260 _a[Santo Domingo :
_bs.n.,
_c200_?].
300 _a103 p. ;
_c18 cm.
590 _aInventariado, 2019 / DG
650 0 _aPoesía dominicana
_966
650 0 _aLiteratura dominicana.
_967
910 _aValidado. Control de calidad EMS.
999 _c32008
_d32008